000 00376pam a2200157a 44500
008 230405s1995 xxu||||| |||| 00| 0 eng d
041 _aENG
100 _aRICHARD BURMAN
245 _aMANUFACTURING MANAGEMENT PRINCIPLES & SYSTEMS
250 _a1995
260 _aNULL
_bTATA MCGRAWHILL
_c1995
300 _a412
650 _aMANAGEMENT
690 _aMBA
906 _a3192
999 _c284003
_d284003